| 000 | 00000nam##2200000za#4500 |
| 001 | 9.633127 |
| 003 | CaOODSP |
| 005 | 20210624215156 |
| 007 | cr ||||||||||| |
| 008 | 150407|2006||||xxc|||||o f|0| 0 fre|d |
| 040 | |aCaOODSP|bfre |
| 043 | |an-cn--- |
| 086 | 1 |aE84-16/2006F-PDF |
| 110 | 1 |aCanada.|bCentre international des droits de la personne et du développement démocratique. |
| 245 | 10|a[Femmes autochtones des Amériques] / |h[ressource électronique]|cpublié conjointement par le Réseau continental des femmes autochtones Enlace et Femmes autochtones du Québec. |
| 250 | |adeuxième édition |
| 260 | |aMontréal - Québec : |bCentre international des droits de la personne et du développement démocratique |c2006. |
| 300 | |a32p.|bfigure, ill., carte, organigramme, références, photographies |
| 500 | |a«Cet outil est offert en français, en anglais et en espagnol.»--Page 4. «Droits et Démocratie, de concert avec le Réseau continental des femmes autochtones Enlace et Femmes autochtones du Québec, a préparé cet ensemble de fiches pour mettre en évidence le travail des femmes qui agissent à l'échelle locale, nationale et internationale afin de faire respecter leurs droits, et pour offrir à ces femmes des pistes d'action leur permettant de mieux utiliser les instances et les mécanismes internationaux.»--Page 1. |
| 520 | 3 |aDroits et Démocratie, de concert avec le Réseau continental des femmes autochtones Enlace et Femmes autochtones du Québec, a préparé cet ensemble de fiches pour mettre en évidence le travail des femmes qui agissent à l'échelle locale, nationale et internationale afin de faire respecter leurs droits, et pour offrir à ces femmes des pistes d'action leur permettant de mieux utiliser les instances et les mécanismes internationaux. |
| 590 | |a06-10-Supp|b2006-12-15 |
| 691 | 07|aAutochtones|2gcpds |
| 691 | 07|aCondition de la femme|2gcpds |
| 691 | 07|aDroits de la personne|2gcpds |
| 775 | 08|t[Indigenous women of the Americas] / |w(CaOODSP)9.688711 |
| 776 | 0#|tFemmes autochtones des Amériques / |w(CaOODSP)9.683811 |
| 856 | 40|ahttp://publications.gc.ca|qPDF|s1511 Ko|uhttps://publications.gc.ca/collections/Collection/E84-16-2006F-1.pdf |
| 856 | 40|ahttp://publications.gc.ca|qPDF|s3086 Ko|uhttps://publications.gc.ca/collections/Collection/E84-16-2006F-2.pdf |
| 856 | 40|ahttp://publications.gc.ca|qPDF|s1594 Ko|uhttps://publications.gc.ca/collections/Collection/E84-16-2006F-3.pdf |
| 856 | 40|ahttp://publications.gc.ca|qPDF|s1539 Ko|uhttps://publications.gc.ca/collections/Collection/E84-16-2006F-4.pdf |
| 856 | 40|ahttp://publications.gc.ca|qPDF|s1570 Ko|uhttps://publications.gc.ca/collections/Collection/E84-16-2006F-5.pdf |
| 856 | 40|ahttp://publications.gc.ca|qPDF|s1589 Ko|uhttps://publications.gc.ca/collections/Collection/E84-16-2006F-6.pdf |
| 856 | 40|ahttp://publications.gc.ca|qPDF|s1559 Ko|uhttps://publications.gc.ca/collections/Collection/E84-16-2006F-7.pdf |
| 856 | 40|ahttp://publications.gc.ca|qPDF|s1558 Ko|uhttps://publications.gc.ca/collections/Collection/E84-16-2006F-8.pdf |